<?xml version="1.0" encoding="UTF-8"?>
<marc:record xmlns:marc="http://www.loc.gov/MARC21/slim">
   <marc:leader>00000nam a2200000 a 4500</marc:leader>
   <marc:datafield ind1="0" ind2="0" tag="245">
      <marc:subfield code="a">Medizin populär 25 / 09 November</marc:subfield>
   </marc:datafield>
   <marc:datafield ind1="0" ind2="0" tag="245">
      <marc:subfield code="b">das Gesundheitsmagazin des österreichischen ÄrzteVerlages.</marc:subfield>
   </marc:datafield>
   <marc:datafield ind1=" " ind2="1" tag="264">
      <marc:subfield code="a">Wien</marc:subfield>
      <marc:subfield code="b">Verlagshaus der Ärzte</marc:subfield>
      <marc:subfield code="c">25</marc:subfield>
   </marc:datafield>
   <marc:datafield ind1="1" ind2=" " tag="490">
      <marc:subfield code="a">-</marc:subfield>
   </marc:datafield>
   <marc:datafield ind1="1" ind2=" " tag="520">
      <marc:subfield code="a">Den richtigen Riecher haben - so wirkt das nasale Mikrobiom ; &#xD;
Besser atmen - Hilfe bei CPOD, Asthma und Co ; &#xD;
Was hilft bei Nackenverspannungen? ; &#xD;
Hausstaubmilbenallergie - Hausstauballergie ; &#xD;
Blasenentzündung ; &#xD;
Bleib gesund, Mann! Die wichtigsten Gesundheits-Checks für ihn ; &#xD;
GESUND &amp; LEBEN: Der Traum vom langen Leben - das steckt hinter der Longevity-Bewegung ; Der gesündeste Beruf der Welt ; Heilende Gewürze ; HerzMobilö - telemedizinisches Betreuungsprogramm ; Balance - Wie viel Achtsamkeit braucht ein gesunder Geist? ; uvm.</marc:subfield>
   </marc:datafield>
   <marc:datafield ind1=" " ind2=" " tag="041">
      <marc:subfield code="a">ger</marc:subfield>
   </marc:datafield>
   <marc:datafield ind1=" " ind2=" " tag="338">
      <marc:subfield code="a">Band</marc:subfield>
   </marc:datafield>
</marc:record>
